000 00699nam a22002297a 4500
001 00028755
005 20260413101429.0
008 260413b ag ||||| |||| 00| 0 spa d
020 _a9789870416647
040 _aAR-CcCEOS
_bspa
_cAR-CcCEOS
041 _aspa
080 _a911(031)
090 _bGEO v.8
245 _aLa enciclopedia del estudiante :
_bGeografía General
250 _a1ª ed.
260 _aBuenos Aires :
_bAguilar,
_c2011.
300 _av. 8, 320 p. ;
_c28x20 cm.
490 _vLa enciclopedia del estudiante ; 8
655 0 _aenciclopedias
_vmaterial auxiliar para la enseñanza
_91047
942 _2udc
_cBK
_n0
999 _c28790
_d28790